| 000 | 00472nam a2200169 a 4500 | ||
|---|---|---|---|
| 001 | 0000-9057 | ||
| 003 | ELIB.Books | ||
| 008 | 110520 1960 | ||
| 035 | _a(ELIB.Books)0000-9206 | ||
| 082 |
_a225.7 _bCar |
||
| 100 | _aCarson, Herbert M. | ||
| 245 | _aTyndale (The Epistles of Paul to the Col and Phil) | ||
| 260 |
_bGrand Rapids: Wm. B. Eerdmans Publishing Co. _c1960 |
||
| 650 | _aCommentaries | ||
| 942 |
_2ddc _cBK |
||
| 998 |
_cbat _e2011-05-20 |
||
| 999 |
_c9057 _d9057 |
||